spy force (Record no. 7609)

MARC details
000 -LEADER
fixed length control field 01083nam a22001817a 4500
003 - CONTROL NUMBER IDENTIFIER
control field OSt
005 - DATE AND TIME OF LATEST TRANSACTION
control field 20260121001343.0
008 - FIXED-LENGTH DATA ELEMENTS--GENERAL INFORMATION
fixed length control field 260120b |||||||| |||| 00| 0 eng d
040 ## - CATALOGING SOURCE
Original cataloging agency DWCL GS library
Transcribing agency OC
100 ## - MAIN ENTRY--PERSONAL NAME
Personal name Abela, Deborah
245 ## - TITLE STATEMENT
Title spy force
Remainder of title mission: The nightmare vortex
Statement of responsibility, etc. Deborah Abela
260 ## - PUBLICATION, DISTRIBUTION, ETC.
Place of publication, distribution, etc. New York
Name of publisher, distributor, etc. An imprint of Simon & schuster Chilldren's Publishing Division
Date of publication, distribution, etc. c2023
300 ## - PHYSICAL DESCRIPTION
Extent 245
Dimensions 20cm
520 ## - SUMMARY, ETC.
Summary, etc. On the outside max Remy look like every other eleven year old, but don't be fooled. Now official members of Spy force, Max and her best friend, linden, are invited to the annual Spy awards, hidden on a secret island deep within a medieval fortress. But then the evil Mr. Blue intercepts Spy force intelligence and discovers the location of the top secret ceremony, and he plots to bring a dormant volcano to life. Max and Linden have only hours to save the spy agency and the world. are they up to the task?
546 ## - LANGUAGE NOTE
Language note english
700 ## - ADDED ENTRY--PERSONAL NAME
Personal name George O'Connor
942 ## - ADDED ENTRY ELEMENTS (KOHA)
Source of classification or shelving scheme Dewey Decimal Classification
Koha item type Fiction
Classification part Fic.a139s 2005
Suppress in OPAC No
952 ## - LOCATION AND ITEM INFORMATION (KOHA)
--
Holdings
Withdrawn status Lost status Source of classification or shelving scheme Damaged status Not for loan Home library Current library Shelving location Date acquired Total Checkouts Full call number Barcode Date last seen Price effective from Koha item type Uniform Resource Identifier
    Dewey Decimal Classification     College Library Grade School Library Circulation 01/21/2026   Fic. A139s 2005 20093 01/21/2026 01/21/2026 FIC.